MARC

LEADER 00000nam0a2200000 4500
001 286316
005 20231101235900.0
035 |a (RuTPU)RU\TPU\book\310622 
090 |a 286316 
100 |a 20150304d1947 k y0rusy50 ca 
101 0 |a rus 
102 |a RU 
105 |a a z 001zy 
200 1 |a Петрографический анализ геологического прошлого по терригенным компонентам  |f В. П. Батурин  |g Академия наук СССР (АН СССР), Институт горючих ископаемых (ИГИ) 
210 |a Москва  |a Ленинград  |c Изд-во Академии наук СССР  |d 1947 
215 |a 336 с.  |c ил. 
320 |a Библиогр.: с. 321-335. 
606 1 |a Петрографические исследования  |x Методы  |2 stltpush  |3 (RuTPU)RU\TPU\subj\48700  |9 67548 
610 1 |a геологическая история 
610 1 |a терригенные породы 
610 1 |a терригенные формации 
610 1 |a петрография 
610 1 |a петрографический анализ 
610 1 |a гранулометрический анализ 
610 1 |a обломки 
610 1 |a обломочные породы 
610 1 |a минералогический состав 
610 1 |a палеогеография 
610 1 |a палеогеографический анализ 
610 1 |a минералогические исследования 
675 |a 552.1  |v 3 
700 1 |a Батурин  |b В. П.  |g Владимир Петрович 
712 0 2 |a Академия наук СССР (АН СССР)  |b Институт горючих ископаемых (ИГИ)  |c (Москва)  |c (1934-1947)  |2 stltpush  |3 (RuTPU)RU\TPU\col\10830 
801 1 |a RU  |b 63413507  |c 20150304 
801 2 |a RU  |b 63413507  |c 20170928  |g RCR 
942 |c BK